00903cam a22002772 450000100060000000300080000600500170001400800390003103500190007004000420008904100080013108200180013910000390015724501720019625000110036826000390037930000290041850400200044765000280046765000170049565000190051265000310053165000190056265000170058170000270059828994BD-RjUL20211209051346.0140401s1956 maua 001 0 eng a(BD-RjUL)29079 aDLCcDLCdVETdUKMdEQOdBD-RjULbeng aeng a150bSHP 19561 aShaffer, Laurance Frederic,d1903-14aThe psychology of adjustment :ba dynamic and experimental approach to personality and mental hygiene /c[by] Laurance Frederic Shaffer [and] Edward Joseph Shoben. Jr. a2d ed. aBoston :bHoughton Mifflin,c1956. a672 p. :bill. ;c23 cm. aIncludes index. 0aAdjustment (Psychology) 0aPersonality. 0aMental health. 2aAdaptation, Psychological. 2aMental Health. 2aPersonality.1 aShoben, Edward Joseph.